000 00394nam a2200157Ia 4500
003 GCL
008 140319s9999 xx 000 0 ara d
040 _aGCL /
_cGCL
082 0 4 _aد
_b050
100 1 _aيوسف مراد
245 1 0 _aسيكولوجية الجنس (اقرا 137 ) /
_cيوسف مراد
300 _a156
490 _aاقرأ
_v0
650 0 4 _aالجنس
942 _2ddc
_cBK
999 _c48828
_d48828